Дело об увеличении кормовых денег на содержание арестантов в 1867 году по Орловской губернии

Доступно только в Электронных читальных залах Найти на картеНа карте
RUSMARC
00003697nmc2a22000003x 450
001deb0f585-0c81-4fc3-a97d-f78b0ea63941
00520210312012704.0
100##$a20181206l18671867k l0rusy0189 ca
1010#$arus
102##$aRU
2001#$aДело об увеличении кормовых денег на содержание арестантов в 1867 году по Орловской губернии
$j30 июля - 31 октября 1867 г.
251##$cДело
300##$aДело
801#0$aRU
$bРГИА
$c20181206
$gRCR
801#1$aRU
$bГлавНИВЦ
$c20181206
$2rusmarc
801#2$aRU
$bПБ им. Б.Н. Ельцина
$c20210312
$gRCR
$2rusmarc
850##$aРГИА
852##$aРГИА
$eФедеральное казенное учреждение "Российский государственный исторический архив" (РГИА)
$j645
937##$hРГИА
$d12294737
$aASBIBLIO_SCAN
462#0$100191353b96-cc3d-4f24-9eeb-3bfef1665a95
$12001
$aДела Департамента полиции исполнительной МВД за 1867 год
$1251
$cОпись
$1852
$j28
$l1867 г.
461#0$10013e300ed0-cd39-49af-8489-5ba5b90fa401
$12001
$aДепартамент полиции исполнительной МВД
$1251
$cФонд
$1852
$j1286
215##$a19 л.
$d36,5х26 см
371##$aДокумент не является опубликованным и широко распространяемым
105##$ay###
1222#$ad
035##$adeb0f585-0c81-4fc3-a97d-f78b0ea63941
856##$uhttp://readingroom.main.prlib.ru/item.aspx?id_node=n158539034&mode=full
Формат отображения